Reports of an investigation concerning the cost of maintaining the public school system of the City of New York : (Record no. 19162)
[ view plain ]
| 000 -LEADER | |
|---|---|
| fixed length control field | 00877cam a22001937 4500 |
| 001 - CONTROL NUMBER | |
| control field | e 11000706 |
| 003 - CONTROL NUMBER IDENTIFIER | |
| control field | DLC |
| 005 - DATE AND TIME OF LATEST TRANSACTION | |
| control field | 20260227111155.0 |
| 008 - FIXED-LENGTH DATA ELEMENTS--GENERAL INFORMATION | |
| fixed length control field | 990728s1905 nyu l000 0 eng |
| 010 ## - LIBRARY OF CONGRESS CONTROL NUMBER | |
| LC control number | e 11000706 |
| 040 ## - CATALOGING SOURCE | |
| Original cataloging agency | DLC |
| Transcribing agency | DLC |
| 050 00 - LIBRARY OF CONGRESS CALL NUMBER | |
| Classification number | MLCM 2008/40041 (L) |
| 245 00 - TITLE STATEMENT | |
| Title | Reports of an investigation concerning the cost of maintaining the public school system of the City of New York : |
| Remainder of title | together with an analysis of the Board of Education departmental estimate for 1906 / |
| Statement of responsibility, etc. | by the Department of Finance (Investigations Division), submitted to the Board of Estimate and Apportionment. New York, October 31, 1905. |
| 260 ## - PUBLICATION, DISTRIBUTION, ETC. | |
| Place of publication, distribution, etc. | New York : |
| Name of publisher, distributor, etc. | M. B. Brown, |
| Date of publication, distribution, etc. | 1905. |
| 300 ## - PHYSICAL DESCRIPTION | |
| Extent | 82 p. ; |
| Dimensions | 25 cm. |
| 650 #0 - SUBJECT ADDED ENTRY--TOPICAL TERM | |
| Topical term or geographic name entry element | Schools |
| Geographic subdivision | New York (State) |
| -- | New York. |
| 650 #0 - SUBJECT ADDED ENTRY--TOPICAL TERM | |
| Topical term or geographic name entry element | Education |
| Geographic subdivision | New York (State) |
| -- | New York |
| General subdivision | Finance. |
| 710 1# - ADDED ENTRY--CORPORATE NAME | |
| Corporate name or jurisdiction name as entry element | New York (N.Y.). |
| Subordinate unit | Department of Finance. |
No items available.